书目信息 |
| 题名: |
大城市的社会发展问题
|
|
| 作者: | 苏斯洛夫 , Суслов , 列别杰夫 , Лебедев 著 ;张真宁 译 | |
| 分册: | ||
| 出版信息: | 北京 中国建筑工业出版社 1987.11 |
|
| 页数: | 195页 | |
| 开本: | 19cm | |
| 丛书名: | ||
| 单 册: | ||
| 中图分类: | C912.81 | |
| 科图分类: | 33.6 | |
| 主题词: | 城市社会学 | |
| 电子资源: | ||
| ISBN: | 15040.5300 | |
| 000 | 01315nam0 2200325 450 | |
| 001 | 0188003677 | |
| 005 | 20130329125118.0 | |
| 010 | @a15040.5300@dCNY1.80 | |
| 091 | @a15040.5300 | |
| 100 | @a20130329d1987 m y0chiy0110 ea | |
| 101 | 1 | @achi@crus |
| 102 | @aCN@b110000 | |
| 105 | @ay z 000yy | |
| 106 | @ar | |
| 200 | 1 | @a大城市的社会发展问题@9Da;Dai Cheng Shi De;Di She Hui;Kuai Fa Zhan Wen Ti @f(苏)苏斯洛夫(Суслов,Ю.А.),(苏)列别杰夫(Лебедев,П.Н.)著@g张真宁等译 |
| 210 | @a北京@c中国建筑工业出版社@d1987.11 | |
| 215 | @a195页@d19cm | |
| 300 | @a书名原文:Проблемы социального развития крупных городов | |
| 330 | @a本书回顾了苏联城市化的历程,论述城市化的趋势和利弊、城市经济和社会发展的关系,以及城市发展中的社会、经济、人口等方面的问题。 | |
| 510 | 1 | @aПроблемы социального развития крупных городов@zrus |
| 606 | 0 | @a城市社会学 |
| 690 | @aC912.81@v1980 | |
| 692 | @a33.6@v1974 | |
| 701 | 1 | @a苏斯洛夫@9su si luo fu@bЮ.А.@4著 |
| 701 | 1 | @aСуслов@bЮ.А.@4著 |
| 701 | 1 | @a列别杰夫@9lie bie jie fu@bП,Н.@4著 |
| 701 | 1 | @aЛебедев@bП,Н.@4著 |
| 702 | 0 | @a张真宁@9zhang zhen ning@4译 |
| 801 | 0 | @aCN@b91MARC@c20130904 |
| 905 | @aBZT@dC912.81@e25@f5@sC912.81/25 | |
| 大城市的社会发展问题/(苏)苏斯洛夫(Суслов,Ю.А.),(苏)列别杰夫(Лебедев,П.Н.)著/张真宁等译.-北京:中国建筑工业出版社,1987.11 |
| 195页;19cm |
| 书名原文:Проблемы социального развития крупных городов |
| ISBN 15040.5300:CNY1.80 |
| 本书回顾了苏联城市化的历程,论述城市化的趋势和利弊、城市经济和社会发展的关系,以及城市发展中的社会、经济、人口等方面的问题。 |
| ● |
| 相关链接 |
|
|
|
正题名:大城市的社会发展问题
索取号:C912.81/25
 
预约/预借
| 序号 | 登录号 | 条形码 | 馆藏地/架位号 | 状态 | 备注 |
| 1 | 2000037622 | 2000037622 | 旧书回溯/ [索取号:C912.81/25] | 在馆 | |
| 2 | 2000038292 | 2000038292 | 旧书回溯/ [索取号:C912.81/25] | 在馆 | |
| 3 | 2000038293 | 2000038293 | 旧书回溯/ [索取号:C912.81/25] | 在馆 | |
| 4 | 2000140927 | 2000140927 | 旧书回溯/ [索取号:C912.81/25] | 在馆 | |
| 5 | 2000140928 | 2000140928 | 旧书回溯/ [索取号:C912.81/25] | 在馆 |